000 00778nam a22002177a 4500
999 _c10455
_d10455
003 AR-CdUCM
008 190401b ||||| |||| 00| 0 spa d
040 _aMUNICIPALIDAD PROVINCIAL DEL CUSCO
_cBIBLIOTECA MUNICIPAL DEL CUSCO
082 _aEP / 030 /
_bR81
100 _aRommel, Willi
_927323
245 _aConstruyo objetos prácticos de metal /
260 _aMadrid :
_bSantillana,
_c1966.
300 _a110 páginas ;
_bimágenes.
_c21 cm.
440 _aEnciclopedia de las aficiones.
_927268
505 _aContenido: La herramienta tecnica de trabajo -- Cestillos, banderas y cubetas -- Para las comidas de los días de fiesta...
650 _aMetal.
_927324
650 _aTutoria.
_927325
650 _aObjetos de metal.
_927326
942 _2ddc
_cLIBROS
945 _awfj